Mi defensa
Bewaard in:
| Hoofdauteur: | |
|---|---|
| Formaat: | Boek |
| Taal: | Spaans |
| Gepubliceerd in: |
Madrid
EPESA
1946
|
| Onderwerpen: | |
| Tags: |
Voeg label toe
Geen labels, Wees de eerste die dit record labelt!
|
MARC
| LEADER | 00000nam a2200000 a 4500 | ||
|---|---|---|---|
| 001 | UCO0836 | ||
| 003 | CL-VaPUC | ||
| 008 | 000428e19460000SP |||||||||||||||||spa|d | ||
| 082 | 0 | 4 | |a 944.081 |b MAU |2 21 |
| 100 | |a Maurras, Charles |e autor |9 442389 | ||
| 245 | 1 | 0 | |a Mi defensa |
| 300 | |a 158 p | ||
| 942 | |c BK | ||
| 945 | |d 20000428 00:00:00 |a rherrera | ||
| 260 | |a Madrid |b EPESA |c 1946 | ||
| 600 | 0 | 7 | |a HITLER, ADOLF |2 CL-VaPUC |9 314510 |
| 650 | 0 | |a Historia de Francia |9 336927 | |
| 650 | 0 | |a Primera Guerra Mundial |9 373283 | |
| 650 | 7 | |a DEPRESION MUNDIAL |2 CL-VaPUC |9 442390 | |
| 650 | 0 | |a Segunda Guerra Mundial |9 325982 | |
| 650 | 0 | |a Partidos políticos |9 254999 | |
| 650 | 0 | |a Armisticios |9 442391 | |
| 651 | 0 | |a Francia |9 255157 | |
| 651 | 0 | |a Rusia |9 256106 | |
| 583 | |a last modification |c 20000428 00:00:00 |k Rodrigo Vera | ||
| 999 | |c 287482 |d 287480 | ||
| 952 | |0 0 |1 0 |4 0 |6 944_081000000000000_MAU_1946 |7 0 |8 X |9 334355 |a BIBHIS |b BIBHIS |d 2019-11-20 |i 126690K |o 944.081 MAU 1946 |p 126690K |r 2024-01-30 |w 2019-11-20 |y BK_X |k HIS | ||